00457nam a22001811 4500001000800000005001700008008004100025010001700066040001800083041000800101043001200109080001600121082001600137100000700153101000800160245004300168504006400211359024020180205075702.0740605s1967 nyu b 000 0 eng  a 67025460  aDLCcDLCdDLC aeng an-us--- a917.303 GUT00a917.303 GUT1 a16 aHIS14aThe conservative tradition in America. aBibliographical references included in "Notes" (p. 181-203)